Norman

Justin Yang, Ren Giusti, Matthew Houston, Owen Willenborg


Current Events - World215.00100%50%0%
Fine Arts - Film110.00100%0%0%
Fine Arts - Music36.6767%0%0%
Fine Arts - Opera10.000%0%0%
Fine Arts - Painting110.00100%0%0%
Fine Arts - Sculpture110.00100%0%0%
Geography - World110.00100%0%0%
History - Cross, Historiography, and Miscellaneous313.33100%0%33%
History - European310.0067%33%0%
History - World210.00100%0%0%
Literature - American42.5025%0%0%
Literature - British54.0020%20%0%
Literature - European54.0040%0%0%
Literature - World and Miscellaneous33.3333%0%0%
Other - Other Academic and General Knowledge313.33100%33%0%
RMP - Buddhism110.000%100%0%
RMP - Christian Practice110.000%100%0%
RMP - Hebrew Bible110.00100%0%0%
RMP - Islam120.00100%100%0%
RMP - New Testament210.00100%0%0%
RMP - Other Religion110.00100%0%0%
RMP - Philosophy110.00100%0%0%
RMP - World Mythology36.6767%0%0%
Science - Astronomy210.00100%0%0%
Science - Biology66.6767%0%0%
Science - Chemistry210.00100%0%0%
Science - Computer Science110.00100%0%0%
Science - Earth110.00100%0%0%
Science - Engineering and Miscellaneous210.00100%0%0%
Science - Math25.0050%0%0%
Science - Physics110.00100%0%0%
Social Science - Economics210.00100%0%0%
Social Science - Psychology215.00100%0%50%
Social Science - Sociology110.00100%0%0%